La construcción de China: el período de la civilización china
Guardat en:
| Autor principal: | |
|---|---|
| Format: | Llibre |
| Idioma: | espanyol |
| Publicat: |
Barcelona
Ediciones Península
2002
|
| Edició: | 1a. ed |
| Matèries: | |
| Etiquetes: |
Afegir etiqueta
Sense etiquetes, Sigues el primer a etiquetar aquest registre!
|
MARC
| LEADER | 00000cam a2200000 a 4500 | ||
|---|---|---|---|
| 001 | UCC2219 | ||
| 003 | CL-VaPUC | ||
| 008 | 180114e20020000sp |||||||||||||||||spa|d | ||
| 020 | |a 8483074583 | ||
| 082 | 0 | 4 | |a 951.03 |b FOL |2 21 |
| 100 | 0 | |a Folch, Dolors |e author |9 596335 | |
| 245 | 1 | 3 | |a La construcción de China: el período de la civilización china |
| 250 | |a 1a. ed | ||
| 300 | |a 302 p | ||
| 942 | |c BK | ||
| 945 | |d 20180114 20:51:00 |a dcastane | ||
| 260 | |a Barcelona |b Ediciones Península |c 2002 | ||
| 650 | 0 | |a Historia de China |9 434737 | |
| 651 | 7 | |a REPUBLICA POPULAR DE CHINA |2 CL-VaPUC |9 596336 | |
| 583 | |a last modification |c 20180114 20:51:00 |k Rodrigo Vera | ||
| 999 | |c 370456 |d 370454 | ||
| 952 | |0 0 |1 0 |3 erb |4 0 |6 951_030000000000000_FOL_2002 |7 0 |8 A |9 486948 |a BIBHIS |b BIBHIS |i 5447232 |l 3 |m 1 |o 951.03 FOL 2002 |p 5447232 |r 2025-01-20 |s 2024-06-25 |w 2019-11-24 |y BK |z Catalogado en:20180114 |k HIS | ||